| 000 | 00489nam a22001937a 4500 | ||
|---|---|---|---|
| 003 | MPLRDC | ||
| 005 | 20220104123352.0 | ||
| 008 | 210129b ||||| |||| 00| 0 eng d | ||
| 020 | _a962-491-024-3 | ||
| 082 | _a857.621 HY-5 v.11 | ||
| 100 | _a黄易 | ||
| 245 |
_a大剑师传奇. 卷十一: 黄沙映月 _c |
||
| 250 | _a初版 | ||
| 260 |
_a _b黄易出版社 _c1994 |
||
| 300 | _b平 | ||
| 490 | _a黄易. 玄幻系列 | ||
| 650 | _a玄幻小说 | ||
| 942 |
_cBK _o857.621 HY-5 v.11 |
||
| 999 |
_c10870 _d10860 |
||